[Event "PRO League KO Stage 2018"]
[Site "San Francisco USA"]
[Date "2018.04.07"]
[Round "3"]
[White "Chu, Ruotong"]
[Black "Sebenik, Matej"]
[Result "0-1"]
[BlackTitle "GM"]
[WhiteElo "2284"]
[BlackElo "2562"]
[WhiteTeam "Chengdu Pandas"]
[BlackTeam "Ljubljana Turtles"]
[WhiteFideId "8605653"]
[BlackFideId "14602296"]
[EventDate "2018.03.13"]

1. d4 Nf6 2. c4 g6 3. Nc3 Bg7 4. e4 d6 5. Nf3 O-O 6. Be2 c5 7. d5 e6 8. O-O Re8
9. Be3 exd5 10. exd5 Bg4 11. Qd2 Nbd7 12. h3 Bxf3 13. Bxf3 h5 14. Rae1 a6 15.
Bh6 Qb6 16. Bxg7 Kxg7 17. Bd1 Qb4 18. Be2 Ne4 19. Qf4 Ndf6 20. Rb1 Qa5 21. Bf3
Nxc3 22. bxc3 Qc7 23. Rfe1 Rxe1+ 24. Rxe1 Re8 25. Rb1 Re5 26. Qd2 Qe7 27. Kf1
Nh7 28. g3 h4 29. Qf4 hxg3 30. Qxg3 Rg5 31. Qf4 Rf5 32. Qe4 Qf6 33. Qe3 Rxf3 34.
Qe2 Rxh3 0-1

[Event "PRO League KO Stage 2018"]
[Site "San Francisco USA"]
[Date "2018.04.07"]
[Round "3"]
[White "Sebenik, Matej"]
[Black "Xu, Xiangyu"]
[Result "0-1"]
[WhiteTitle "GM"]
[BlackTitle "GM"]
[WhiteElo "2562"]
[BlackElo "2545"]
[WhiteTeam "Ljubljana Turtles"]
[BlackTeam "Chengdu Pandas"]
[WhiteFideId "14602296"]
[BlackFideId "8608288"]
[EventDate "2018.03.13"]

1. Nf3 d5 2. g3 g6 3. Bg2 Bg7 4. d4 Nf6 5. O-O O-O 6. c4 c6 7. Ne5 Be6 8. cxd5
Bxd5 9. Nc3 Bxg2 10. Kxg2 Nbd7 11. Qb3 Qb6 12. Rd1 Rad8 13. Nc4 Qa6 14. e4 Nb6
15. Ne5 Nfd7 16. Nf3 c5 17. d5 Nc4 18. Bg5 Rfe8 19. d6 Nxd6 20. Nd5 Nxe4 21. Nc7
Qc6 22. Nxe8 Rxe8 23. Qd5 Qxd5 24. Rxd5 Nb6 25. Rd3 c4 26. Re3 Nxg5 27. Nxg5
Bxb2 28. Rae1 c3 29. R3e2 Rc8 30. Rc2 Nd5 31. Ree2 a5 32. a4 Nb4 33. Rxb2 cxb2
34. Rxb2 Rc2 35. Rb3 h6 36. Nf3 Ra2 37. Rc3 Rxa4 38. Rc7 Nd5 39. Rxb7 Ra2 40.
Ne5 Ne3+ 41. Kf3 Nd1 42. Nd3 Rd2 43. Rb3 e5 44. g4 Rxd3+ 45. Rxd3 e4+ 0-1

[Event "PRO League KO Stage 2018"]
[Site "San Francisco USA"]
[Date "2018.04.07"]
[Round "3"]
[White "Akobian, Varuzhan"]
[Black "Ter-Sahakyan, Samvel"]
[Result "1/2-1/2"]
[WhiteTitle "GM"]
[BlackTitle "GM"]
[WhiteElo "2640"]
[BlackElo "2553"]
[WhiteTeam "Saint Louis Arch Bishops"]
[BlackTeam "Armenia Eagles"]
[WhiteFideId "13300580"]
[BlackFideId "13302531"]
[EventDate "2018.03.13"]

1. d4 d5 2. c4 c6 3. cxd5 cxd5 4. Nf3 Nf6 5. Nc3 Nc6 6. Bf4 Bf5 7. Qb3 Na5 8.
Qa4+ Bd7 9. Qc2 e6 10. e3 Be7 11. a3 Nh5 12. Be5 Nc6 13. Bd3 f6 14. Bg3 f5 15.
Be5 Nf6 16. h3 O-O 17. Bh2 Ne4 18. O-O Rc8 19. Rfc1 Be8 20. Qd1 Bh5 21. Be2 Bxf3
22. Bxf3 Bd6 23. Bxd6 Qxd6 24. Rc2 Nxc3 25. Rxc3 Ne7 26. Rac1 Rxc3 27. Rxc3 Qd7
28. Be2 Rc8 29. Qb3 Kf7 30. a4 Rc7 31. Qc2 Rc8 32. g3 a6 33. Kg2 Rc6 34. Rxc6
Qxc6 35. Qb3 Nc8 36. Bd3 Nd6 37. Qb4 Ke7 38. a5 Kd7 39. Qd2 Nc4 40. Qb4 Nd6 41.
Qe1 g6 42. b4 Qa4 43. Qc3 Qc6 44. Qd2 Ne4 45. Bxe4 fxe4 1/2-1/2

[Event "PRO League KO Stage 2018"]
[Site "San Francisco USA"]
[Date "2018.04.07"]
[Round "3"]
[White "Zherebukh, Yaroslav"]
[Black "Grigoryan, Karen H."]
[Result "1/2-1/2"]
[WhiteTitle "GM"]
[BlackTitle "GM"]
[WhiteElo "2633"]
[BlackElo "2571"]
[WhiteTeam "Saint Louis Arch Bishops"]
[BlackTeam "Armenia Eagles"]
[WhiteFideId "14116804"]
[BlackFideId "13301004"]
[EventDate "2018.03.13"]

1. e4 g6 2. d4 Bg7 3. Nc3 d6 4. Nf3 Nf6 5. h3 O-O 6. Be3 Nc6 7. Bb5 Bd7 8. Qd2
a6 9. Bxc6 Bxc6 10. d5 Bd7 11. Bh6 c6 12. Bxg7 Kxg7 13. O-O b5 14. Rfe1 b4 15.
Nd1 cxd5 16. exd5 Rb8 17. c4 bxc3 18. Nxc3 Re8 19. Re2 Bc8 20. Rae1 Bb7 21. Nh2
h5 22. Qd4 Kg8 23. g4 Ba8 24. gxh5 gxh5 25. Re3 e5 26. dxe6 fxe6 27. Rxe6 Rxe6
28. Rxe6 Kf7 29. Qxd6 Qxd6 30. Rxd6 a5 31. Ra6 Rg8+ 32. Kf1 Bg2+ 33. Ke1 Re8+
34. Kd2 Re5 35. h4 Kg6 36. f4 Rc5 37. Ne2 Rb5 38. b3 Bb7 39. Ra7 Ne4+ 40. Ke3
Nd6 41. Nd4 Rc5 42. Nhf3 Kf6 43. Ne5 Rc3+ 44. Kd2 Ne4+ 45. Kd1 Bd5 46. Rxa5 Bb7
47. Rb5 Bc8 48. Rb6+ Ke7 49. a4 Bg4+ 50. Ne2 Re3 51. Nxg4 hxg4 52. Rg6 g3 53.
Nd4 Kf7 54. Nf5 Rf3 55. h5 Rxb3 56. Kc2 Ra3 57. Rg4 Rxa4 58. Kb3 Ra5 59. Nxg3
Nxg3 60. Rxg3 Rxh5 61. Kc4 Rf5 62. Rf3 Ke6 63. Kd4 Rd5+ 64. Ke4 Ra5 65. f5+ Kf6
66. Rf2 Ra4+ 67. Kd5 Ra5+ 68. Ke4 Ra4+ 1/2-1/2

[Event "PRO League KO Stage 2018"]
[Site "San Francisco USA"]
[Date "2018.04.07"]
[Round "3"]
[White "Ter-Sahakyan, Samvel"]
[Black "Swiercz, Dariusz"]
[Result "1-0"]
[WhiteTitle "GM"]
[BlackTitle "GM"]
[WhiteElo "2553"]
[BlackElo "2654"]
[WhiteTeam "Armenia Eagles"]
[BlackTeam "Saint Louis Arch Bishops"]
[WhiteFideId "13302531"]
[BlackFideId "1126881"]
[EventDate "2018.03.13"]

1. e4 e5 2. Nf3 Nc6 3. Bb5 Nf6 4. d3 Bc5 5. c3 O-O 6. Bg5 h6 7. Bh4 Be7 8. Nbd2
d6 9. O-O Nh5 10. Bg3 Nxg3 11. hxg3 Bf6 12. a4 a5 13. Re1 g6 14. Nf1 Bg7 15. Ne3
Ne7 16. d4 exd4 17. cxd4 c6 18. Bd3 d5 19. e5 Qb6 20. Qc2 Be6 21. g4 Rac8 22.
Rac1 Qb4 23. Nf5 b6 24. g3 Rc7 25. Kg2 c5 26. Rh1 gxf5 27. gxf5 f6 28. fxe6 fxe5
29. dxe5 Qg4 30. Qe2 c4 31. Bb1 Qxe6 32. Rh5 Qf7 33. Nd4 Ng6 34. Bxg6 Qxg6 35.
Rch1 Qe4+ 36. Qxe4 dxe4 37. Ne6 Re7 38. Nxf8 Kxf8 39. Rf5+ Kg8 40. Re1 Rc7 41.
Rxe4 c3 42. bxc3 Rxc3 43. e6 Rc8 44. e7 Re8 45. Rb5 Bf6 46. Rxb6 Rxe7 47. Rxe7
Bxe7 48. Rxh6 1-0

[Event "PRO League KO Stage 2018"]
[Site "San Francisco USA"]
[Date "2018.04.07"]
[Round "3"]
[White "Zherebukh, Yaroslav"]
[Black "Ter-Sahakyan, Samvel"]
[Result "0-1"]
[WhiteTitle "GM"]
[BlackTitle "GM"]
[WhiteElo "2633"]
[BlackElo "2553"]
[WhiteTeam "Saint Louis Arch Bishops"]
[BlackTeam "Armenia Eagles"]
[WhiteFideId "14116804"]
[BlackFideId "13302531"]
[EventDate "2018.03.13"]

1. Nf3 d5 2. g3 Nf6 3. Bg2 e6 4. O-O Be7 5. c4 O-O 6. b3 c5 7. Bb2 Nc6 8. cxd5
Nxd5 9. Nc3 b6 10. Nxd5 exd5 11. d4 Be6 12. Rc1 a5 13. dxc5 bxc5 14. Ne1 Qb6 15.
Bxd5 Rad8 16. e4 Nb4 17. Qe2 Nxd5 18. exd5 Rxd5 19. Ng2 Rfd8 20. Bc3 Bg5 21. f4
Bf6 22. Bxf6 gxf6 23. Qe3 Bh3 24. Rc2 Rd3 25. Qf2 Rd1 26. Rc1 R1d2 0-1

[Event "PRO League KO Stage 2018"]
[Site "San Francisco USA"]
[Date "2018.04.07"]
[Round "3"]
[White "Ter-Sahakyan, Samvel"]
[Black "Chen, Forest"]
[Result "1/2-1/2"]
[WhiteTitle "GM"]
[WhiteElo "2553"]
[BlackElo "2107"]
[WhiteTeam "Armenia Eagles"]
[BlackTeam "Saint Louis Arch Bishops"]
[WhiteFideId "13302531"]
[BlackFideId "30908205"]
[EventDate "2018.03.13"]

1. e4 c6 2. d4 d5 3. exd5 cxd5 4. Nf3 Nf6 5. Ne5 Nc6 6. Bb5 Bd7 7. Nxd7 Qxd7 8.
c3 a6 9. Bd3 e5 10. dxe5 Nxe5 11. O-O Nxd3 12. Qxd3 Be7 13. Nd2 O-O 14. Nf3 h6
15. Be3 b5 16. Rad1 Rfd8 17. Bb6 Rdb8 18. Bd4 b4 19. Rfe1 a5 20. Ne5 Qc7 21. Nc6
Qxc6 22. Rxe7 Re8 23. Ree1 Rxe1+ 24. Rxe1 Re8 25. Rxe8+ Nxe8 26. h3 Nc7 27. Be3
Ne6 28. Bd2 bxc3 29. Qxc3 Qb5 30. Qxa5 Qxb2 31. Qxd5 Nd4 32. Be3 Ne2+ 33. Kh2
Qb1 34. f3 Qe1 35. Qa8+ Kh7 36. Qe4+ Kg8 37. Qa8+ Kh7 38. Qe4+ Kg8 1/2-1/2

[Event "PRO League KO Stage 2018"]
[Site "San Francisco USA"]
[Date "2018.04.07"]
[Round "3"]
[White "Ni, Hua"]
[Black "Borisek, Jure"]
[Result "1/2-1/2"]
[WhiteTitle "GM"]
[BlackTitle "GM"]
[WhiteElo "2670"]
[BlackElo "2576"]
[WhiteTeam "Chengdu Pandas"]
[BlackTeam "Ljubljana Turtles"]
[WhiteFideId "8601160"]
[BlackFideId "14603152"]
[EventDate "2018.03.13"]

1. d4 d5 2. Nf3 Nf6 3. c4 dxc4 4. e3 e6 5. Bxc4 c5 6. O-O a6 7. dxc5 Qxd1 8.
Rxd1 Bxc5 9. Be2 b5 10. Nbd2 Bb7 11. a4 bxa4 12. Rxa4 O-O 13. Nc4 Bc6 14. Ra1
Bb5 15. Kf1 Nc6 16. Nce5 Nxe5 17. Nxe5 Rfb8 18. Bxb5 Rxb5 19. Nd3 Bd6 20. Ke2
Nd5 21. Bd2 Nb4 22. Bxb4 Bxb4 23. Nxb4 Rxb4 24. Rxa6 Rxb2+ 25. Kf3 Rf8 26. Rad6 1/2-1/2

[Event "PRO League KO Stage 2018"]
[Site "San Francisco USA"]
[Date "2018.04.07"]
[Round "3"]
[White "Akobian, Varuzhan"]
[Black "Grigoryan, Karen H."]
[Result "1/2-1/2"]
[WhiteTitle "GM"]
[BlackTitle "GM"]
[WhiteElo "2640"]
[BlackElo "2571"]
[WhiteTeam "Saint Louis Arch Bishops"]
[BlackTeam "Armenia Eagles"]
[WhiteFideId "13300580"]
[BlackFideId "13301004"]
[EventDate "2018.03.13"]

1. d4 g6 2. c4 Bg7 3. Nf3 d6 4. Nc3 Nc6 5. d5 Nb8 6. e4 Nf6 7. h3 O-O 8. Bd3 c6
9. O-O e6 10. Bg5 h6 11. Bh4 cxd5 12. cxd5 exd5 13. exd5 Qa5 14. Qd2 Nxd5 15.
Nxd5 Qxd5 16. Qc2 Nc6 17. Be4 Nb4 18. Bxd5 Nxc2 19. Rad1 Nb4 20. Bb3 Bf5 21.
Rxd6 g5 22. Bg3 Rfd8 23. Rfd1 Nc6 24. Rxd8+ Rxd8 25. Rxd8+ Nxd8 26. Be5 Nc6 27.
Bxg7 Kxg7 28. Bd5 Kf6 29. a3 Be6 30. Be4 Bc4 31. Nd2 Ba6 32. f3 Nd4 33. Bd5 Ne2+
34. Kf2 Nf4 35. Bc4 Bxc4 36. Nxc4 Ke6 37. b3 h5 38. Ne3 h4 39. g3 hxg3+ 40. Kxg3
f5 41. h4 Ng6 42. Ng2 gxh4+ 43. Nxh4 Ne5 44. Kf4 Nd3+ 45. Kg5 Ne5 46. f4 Nf7+
47. Kg6 Nd6 48. Kg5 Ne4+ 49. Kg6 Ng3 50. b4 b5 51. Kg5 Ne4+ 52. Kg6 Nd6 53. Kg5
Nf7+ 54. Kg6 Nd6 55. Kg5 Ne4+ 56. Kg6 Nd6 57. Kg5 Nf7+ 58. Kg6 Nd6 1/2-1/2

[Event "PRO League KO Stage 2018"]
[Site "San Francisco USA"]
[Date "2018.04.07"]
[Round "3"]
[White "Lenic, Luka"]
[Black "Ni, Hua"]
[Result "1/2-1/2"]
[WhiteTitle "GM"]
[BlackTitle "GM"]
[WhiteElo "2662"]
[BlackElo "2670"]
[WhiteTeam "Ljubljana Turtles"]
[BlackTeam "Chengdu Pandas"]
[WhiteFideId "14603853"]
[BlackFideId "8601160"]
[EventDate "2018.03.13"]

1. d4 Nf6 2. c4 e6 3. Nc3 Bb4 4. Qc2 d5 5. a3 Bxc3+ 6. Qxc3 Ne4 7. Qc2 c5 8.
dxc5 Nc6 9. Nf3 Qa5+ 10. Bd2 Nxd2 11. Nxd2 Qxc5 12. e3 dxc4 13. Bxc4 O-O 14. b4
Qe7 15. Bd3 h6 16. Be4 Bd7 17. b5 Na5 18. Qc3 Qf6 19. Qxf6 gxf6 20. a4 Rac8 21.
Ke2 f5 22. Bd3 Rc3 23. Rhc1 Rfc8 24. Rxc3 Rxc3 25. Ra2 Kf8 26. Nf3 Ke7 27. Kd2
Rc5 28. Ra3 e5 29. Be2 Be6 30. Rc3 Kd6 31. Ne1 b6 32. Rxc5 Nb3+ 33. Kc3 Nxc5 34.
Kb4 f4 35. exf4 exf4 36. a5 Bd5 37. axb6 axb6 38. f3 Ke5 39. Kc3 Na4+ 40. Kd2
Nc5 41. Kc3 Na4+ 42. Kd2 Nc5 43. Nc2 Be6 44. Nb4 Bd7 45. Kc3 Na4+ 46. Kb3 Nc5+
47. Kc4 Be6+ 48. Kc3 Na4+ 49. Kd2 Bd7 50. Nd3+ Kf5 51. Nb4 Nc5 52. Bc4 Ke5 53.
Kc3 Na4+ 54. Kb3 Nc5+ 55. Kc3 Na4+ 56. Kd2 Nc5 57. Be2 f6 58. Kc2 Bf5+ 59. Kc3
Na4+ 60. Kb3 Nc5+ 61. Kc4 Be6+ 62. Kc3 Na4+ 63. Kd2 Nc5 64. Nc6+ Kd6 65. Nd4 Bd7
66. Bc4 Ke5 67. Ne2 Nb7 68. Nc3 Nd6 69. Bd3 Be6 70. Na4 Bd7 71. Nxb6 Bxb5 72.
Bxb5 Nxb5 73. Nc4+ Kd4 74. Nb2 Nc7 75. Nd3 Nd5 76. Ke2 Nc3+ 77. Kd2 Nb1+ 78. Ke2
Nc3+ 79. Kd2 Nb1+ 80. Ke2 Nc3+ 1/2-1/2

[Event "PRO League KO Stage 2018"]
[Site "San Francisco USA"]
[Date "2018.04.07"]
[Round "3"]
[White "Lenic, Luka"]
[Black "Xu, Xiangyu"]
[Result "1/2-1/2"]
[WhiteTitle "GM"]
[BlackTitle "GM"]
[WhiteElo "2662"]
[BlackElo "2545"]
[WhiteTeam "Ljubljana Turtles"]
[BlackTeam "Chengdu Pandas"]
[WhiteFideId "14603853"]
[BlackFideId "8608288"]
[EventDate "2018.03.13"]

1. d4 d5 2. Nf3 Nf6 3. c4 dxc4 4. e3 e6 5. Bxc4 c5 6. O-O Nc6 7. Nc3 a6 8. Qe2
Be7 9. Rd1 Qc7 10. d5 exd5 11. Nxd5 Nxd5 12. Bxd5 O-O 13. h3 Nb4 14. Be4 Be6 15.
a3 Nc6 16. Qc2 h6 17. Bd2 Rfd8 18. Bc3 Rxd1+ 19. Rxd1 Rd8 20. Rxd8+ Bxd8 21.
Bh7+ Kh8 22. Bf5 Qd7 23. Be4 Bc7 24. Qa4 Bd5 25. Qd1 Be6 26. Qa4 Bd5 27. Qd1 Be6
28. Qe2 Kg8 29. Bb1 b5 30. Qc2 g6 31. Nd2 Bf5 32. Qc1 Bxb1 33. Qxb1 b4 34. axb4
cxb4 35. Ne4 Kf8 36. Bf6 Be5 37. Qc2 Bxf6 38. Nxf6 Qd6 39. Ne4 Qd5 40. b3 a5 41.
Nf6 Qd6 42. Qb2 Qd1+ 43. Kh2 Qd6+ 44. f4 Qd3 45. Nh7+ Kg8 46. Nf6+ Kf8 47. Nh7+
Kg8 48. Nf6+ Kf8 1/2-1/2

[Event "PRO League KO Stage 2018"]
[Site "San Francisco USA"]
[Date "2018.04.07"]
[Round "3"]
[White "Swiercz, Dariusz"]
[Black "Manukian, Artak"]
[Result "1-0"]
[WhiteTitle "GM"]
[WhiteElo "2654"]
[BlackElo "2196"]
[WhiteTeam "Saint Louis Arch Bishops"]
[BlackTeam "Armenia Eagles"]
[WhiteFideId "1126881"]
[BlackFideId "13301373"]
[EventDate "2018.03.13"]

1. Nf3 d5 2. d4 Nf6 3. c4 e6 4. e3 a6 5. b3 Bb4+ 6. Bd2 Be7 7. Nc3 O-O 8. Bd3
dxc4 9. bxc4 c5 10. O-O Nc6 11. Bc1 cxd4 12. exd4 Qa5 13. Bb2 Rd8 14. Re1 Ba3
15. Bxa3 Qxa3 16. Ne4 Qe7 17. Bc2 Na5 18. c5 Bd7 19. Qd2 Nc6 20. Nd6 b5 21. Ng5
Be8 22. d5 Rxd6 23. cxd6 Qxd6 24. Ne4 Qxd5 25. Nxf6+ gxf6 26. Qh6 f5 27. Rad1
Qc5 28. Qg5+ Kf8 29. Be4 Rc8 30. Bxc6 Bxc6 31. Qf6 Bd5 32. Rxd5 Qc1 33. Rd8+ 1-0

[Event "PRO League KO Stage 2018"]
[Site "San Francisco USA"]
[Date "2018.04.07"]
[Round "3"]
[White "Sebenik, Matej"]
[Black "Ni, Hua"]
[Result "1/2-1/2"]
[WhiteTitle "GM"]
[BlackTitle "GM"]
[WhiteElo "2562"]
[BlackElo "2670"]
[WhiteTeam "Ljubljana Turtles"]
[BlackTeam "Chengdu Pandas"]
[WhiteFideId "14602296"]
[BlackFideId "8601160"]
[EventDate "2018.03.13"]

1. d4 Nf6 2. c4 e6 3. Nf3 d5 4. Nc3 a6 5. cxd5 exd5 6. Bg5 Be6 7. e3 Nbd7 8. Bd3
Bd6 9. O-O c6 10. Bf4 Qc7 11. Bxd6 Qxd6 12. h3 O-O 13. Qc2 Rfe8 14. Rac1 h6 15.
a3 a5 16. Rfe1 Rec8 17. Na4 Rab8 18. Nc5 b6 19. Nxe6 Qxe6 20. Bf5 Qd6 21. Ne5
Rc7 22. Bxd7 Nxd7 23. Nxd7 Qxd7 24. Qa4 Qd6 25. Rc2 c5 26. dxc5 Rxc5 27. Rec1
Rbc8 28. Rxc5 Rxc5 29. Rxc5 Qxc5 30. Qe8+ Qf8 31. Qc6 Qc5 32. Qe8+ Qf8 33. Qc6 1/2-1/2

[Event "PRO League KO Stage 2018"]
[Site "San Francisco USA"]
[Date "2018.04.07"]
[Round "3"]
[White "Swiercz, Dariusz"]
[Black "Andriasian, Zaven"]
[Result "1/2-1/2"]
[WhiteTitle "GM"]
[BlackTitle "GM"]
[WhiteElo "2654"]
[BlackElo "2586"]
[WhiteTeam "Saint Louis Arch Bishops"]
[BlackTeam "Armenia Eagles"]
[WhiteFideId "1126881"]
[BlackFideId "13302000"]
[EventDate "2018.03.13"]

1. Nf3 d5 2. d4 Nf6 3. c4 c6 4. e3 Bg4 5. Qb3 Qb6 6. Nc3 e6 7. Nh4 Bh5 8. h3 g5
9. Nf3 h6 10. Bd3 Rg8 11. c5 Qc7 12. g4 Bg6 13. Bxg6 Rxg6 14. Qc2 Nbd7 15. b4
Be7 16. Rb1 b5 17. a4 a6 18. Bb2 h5 19. Rg1 hxg4 20. hxg4 Rb8 21. Ra1 Kf8 22.
axb5 axb5 23. Ne2 Rg8 24. Ne5 Rh8 25. f3 Rh2 26. Kd2 Kg7 27. Rh1 Rbh8 28. Rxh2
Rxh2 29. Qb1 Qc8 30. Qg1 Rh7 31. Qg3 Bd8 32. Qg2 Nf8 33. Ra7 Kg8 34. Ng3 Ng6 35.
Nxg6 fxg6 36. Rxh7 Kxh7 37. Ne2 Bc7 38. Nc1 Qa8 39. Nd3 Qa2 40. Qh1+ Kg7 41. Qa1
Qxa1 42. Bxa1 Nd7 43. Ke2 Nf6 44. Bc3 Nd7 45. Nf2 e5 46. Nd3 e4 47. Nc1 Kf7 48.
Nb3 Ke6 49. Be1 Nf6 50. Nd2 Bb8 51. Kf2 Bc7 52. Kg2 exf3+ 53. Kxf3 Bb8 54. Bf2
Bc7 55. Be1 Bb8 56. Nf1 Ne4 57. Bg3 Bxg3 58. Nxg3 Nc3 59. e4 Na2 60. Ke3 Nxb4
61. e5 Nc2+ 62. Kd3 Ne1+ 63. Ke2 Ng2 64. Kf3 Nf4 65. Ne2 b4 66. Nc1 Kd7 67. Nb3
Kc7 68. Na5 Ne6 69. Ke3 Nf4 70. Kf3 Kd7 71. Ke3 Kc7 72. Kf3 1/2-1/2

[Event "PRO League KO Stage 2018"]
[Site "San Francisco USA"]
[Date "2018.04.07"]
[Round "3"]
[White "Ni, Hua"]
[Black "Skuhala, Luka"]
[Result "1-0"]
[WhiteTitle "GM"]
[WhiteElo "2670"]
[BlackElo "2087"]
[WhiteTeam "Chengdu Pandas"]
[BlackTeam "Ljubljana Turtles"]
[WhiteFideId "8601160"]
[BlackFideId "14605678"]
[EventDate "2018.03.13"]

1. e4 c5 2. Nf3 d6 3. d4 cxd4 4. Qxd4 a6 5. Be2 Nc6 6. Qe3 Nf6 7. O-O g6 8. h3
Bg7 9. c4 O-O 10. Nc3 Be6 11. Rd1 Nd7 12. Rb1 Rc8 13. b3 h6 14. Nd5 Rb8 15. a4
Nde5 16. Bb2 Nxf3+ 17. Bxf3 Bxb2 18. Rxb2 Kh7 19. c5 Bxd5 20. exd5 Ne5 21. Be2
Rc8 22. Rc2 f5 23. f4 Nf7 24. c6 Qc7 25. b4 Rfd8 26. Rdc1 Kg8 27. Kh2 Kg7 28.
Qe6 b5 29. Rc3 Rb8 30. Rg3 Nh8 31. Bh5 Qc8 32. Rxg6+ Nxg6 33. Qxg6+ Kh8 34.
Qxh6+ Kg8 35. Bg6 1-0

[Event "PRO League KO Stage 2018"]
[Site "San Francisco USA"]
[Date "2018.04.07"]
[Round "3"]
[White "Xu, Xiangyu"]
[Black "Skuhala, Luka"]
[Result "1-0"]
[WhiteTitle "GM"]
[WhiteElo "2545"]
[BlackElo "2087"]
[WhiteTeam "Chengdu Pandas"]
[BlackTeam "Ljubljana Turtles"]
[WhiteFideId "8608288"]
[BlackFideId "14605678"]
[EventDate "2018.03.13"]

1. Nf3 Nf6 2. g3 e6 3. Bg2 Be7 4. c4 d5 5. d4 O-O 6. Nc3 Nbd7 7. Qd3 dxc4 8.
Qxc4 Nb6 9. Qb3 Nbd5 10. O-O Nxc3 11. bxc3 c5 12. Rd1 Qa5 13. Ne5 Qa6 14. e3 Rb8
15. Nc6 bxc6 16. Qxb8 cxd4 17. exd4 c5 18. Qe5 cxd4 19. cxd4 Bd6 20. Qe1 Nd5 21.
a4 Bd7 22. Ba3 Bxa3 23. Rxa3 Qd6 24. Raa1 Bc6 25. Rdc1 Qd7 26. Qa5 Rb8 27. Qc5
Bxa4 28. Bxd5 exd5 29. Qc7 Qe8 30. Rxa4 1-0

[Event "PRO League KO Stage 2018"]
[Site "San Francisco USA"]
[Date "2018.04.07"]
[Round "3"]
[White "Manukian, Artak"]
[Black "Zherebukh, Yaroslav"]
[Result "0-1"]
[BlackTitle "GM"]
[WhiteElo "2196"]
[BlackElo "2633"]
[WhiteTeam "Armenia Eagles"]
[BlackTeam "Saint Louis Arch Bishops"]
[WhiteFideId "13301373"]
[BlackFideId "14116804"]
[EventDate "2018.03.13"]

1. e4 Nf6 2. Nc3 d6 3. d4 g6 4. g3 Bg7 5. Bg2 Nc6 6. Nge2 O-O 7. O-O e5 8. dxe5
Nxe5 9. h3 Re8 10. f4 Ned7 11. g4 Nc5 12. Ng3 Nfd7 13. Be3 b6 14. Bd4 Ba6 15.
Rf3 Bf8 16. Qd2 Bb7 17. Re1 a5 18. g5 b5 19. Nd5 Bxd5 20. exd5 Rxe1+ 21. Qxe1
Nb6 22. Re3 Bg7 23. Bxg7 Kxg7 24. Re7 Kf8 25. Re2 b4 26. Qd2 Qd7 27. Qd4 Kg8 28.
Ne4 Nxe4 29. Qxe4 Na4 30. Qd4 Nc5 31. Kh2 Re8 32. Rxe8+ Qxe8 33. Qf6 Nd7 34. Qd4
Qe2 0-1

[Event "PRO League KO Stage 2018"]
[Site "San Francisco USA"]
[Date "2018.04.07"]
[Round "3"]
[White "Wang, Yue"]
[Black "Lenic, Luka"]
[Result "0-1"]
[WhiteTitle "GM"]
[BlackTitle "GM"]
[WhiteElo "2690"]
[BlackElo "2662"]
[WhiteTeam "Chengdu Pandas"]
[BlackTeam "Ljubljana Turtles"]
[WhiteFideId "8601429"]
[BlackFideId "14603853"]
[EventDate "2018.03.13"]

1. d4 Nf6 2. c4 e6 3. Nf3 d5 4. Nc3 c5 5. cxd5 Nxd5 6. e4 Nxc3 7. bxc3 cxd4 8.
cxd4 Bb4+ 9. Bd2 Bxd2+ 10. Qxd2 O-O 11. Bc4 Nd7 12. O-O b6 13. Rfe1 Bb7 14. Rad1
Rc8 15. Bb3 Re8 16. h3 h6 17. Qf4 Qf6 18. Qe3 Qe7 19. Qf4 Qf6 20. Qe3 Qe7 21.
Qf4 Red8 22. d5 Nc5 23. dxe6 fxe6 24. Qg4 Rxd1 25. Bxd1 Rf8 26. Bc2 Qf6 27. Bb1
Rd8 28. Qg3 Qc3 29. Qc7 Rc8 30. Qe7 Qf6 31. Qd6 Rf8 32. Qg3 Qc3 33. Rd1 Bxe4 34.
Bxe4 Nxe4 35. Qg6 Nc5 36. Qb1 Qf6 37. Re1 Qf4 38. Qc2 Rd8 39. Re3 Qf5 40. Qc4
Rd1+ 41. Kh2 Qb1 42. Ne5 Rh1+ 43. Kg3 Re1 44. Rxe1 Qxe1 45. Qd4 Kh7 46. h4 Qb1
47. h5 Qf5 48. f4 Qxh5 49. Qd6 0-1

[Event "PRO League KO Stage 2018"]
[Site "San Francisco USA"]
[Date "2018.04.07"]
[Round "3"]
[White "Manukian, Artak"]
[Black "Akobian, Varuzhan"]
[Result "0-1"]
[BlackTitle "GM"]
[WhiteElo "2196"]
[BlackElo "2640"]
[WhiteTeam "Armenia Eagles"]
[BlackTeam "Saint Louis Arch Bishops"]
[WhiteFideId "13301373"]
[BlackFideId "13300580"]
[EventDate "2018.03.13"]

1. e4 e6 2. d4 d5 3. exd5 exd5 4. Nf3 Nf6 5. Bd3 c5 6. c3 Nc6 7. h3 Bd6 8. dxc5
Bxc5 9. O-O O-O 10. Bg5 Qd6 11. Nbd2 Re8 12. Nb3 Bb6 13. Re1 Rxe1+ 14. Qxe1 Bxh3
15. Nbd4 Nxd4 16. cxd4 Re8 17. Qd2 Ne4 18. Qf4 Qxf4 19. Bxf4 Bf5 20. Rc1 f6 21.
Be3 Kf7 22. Bb5 Rc8 23. Rxc8 Bxc8 24. Kf1 Nd6 25. Bd3 Bf5 26. Ke2 h5 27. Bf4
Bxd3+ 28. Kxd3 Nf5 29. Bd2 g5 30. Bc3 g4 31. Ne1 h4 32. a4 h3 33. gxh3 gxh3 34.
Nf3 Bc7 0-1

[Event "PRO League KO Stage 2018"]
[Site "San Francisco USA"]
[Date "2018.04.07"]
[Round "3"]
[White "Borisek, Jure"]
[Black "Chu, Ruotong"]
[Result "1-0"]
[WhiteTitle "GM"]
[WhiteElo "2576"]
[BlackElo "2284"]
[WhiteTeam "Ljubljana Turtles"]
[BlackTeam "Chengdu Pandas"]
[WhiteFideId "14603152"]
[BlackFideId "8605653"]
[EventDate "2018.03.13"]

1. e4 e5 2. Nf3 Nf6 3. Nxe5 d6 4. Nf3 Nxe4 5. Nc3 Nxc3 6. dxc3 Be7 7. Be3 Nc6 8.
Qd2 Be6 9. O-O-O Qd7 10. b3 a6 11. h3 h6 12. g4 O-O-O 13. Bg2 Kb8 14. Nd4 Nxd4
15. Bxd4 Rhg8 16. f4 f5 17. g5 c5 18. Be3 Rge8 19. h4 h5 20. c4 g6 21. Kb1 Bf8
22. Qd3 Qc7 23. Bd2 Bd7 24. Rhe1 Bc6 25. Bxc6 Qxc6 26. Bc3 Rc8 27. Bf6 Kc7 28.
a4 Kb8 29. Kb2 b6 30. Qc3 a5 31. Bg7 Qd7 32. Bf6 Qc6 33. Qd3 Kc7 34. Ka2 Kb8 35.
Bb2 Kc7 36. Qc3 Qd7 37. Qf6 Rxe1 38. Rxe1 Re8 39. Rxe8 Qxe8 40. Bc3 Be7 41. Qg7
Kd8 42. Bf6 Bxf6 43. gxf6 Qe2 44. Kb2 1-0

[Event "PRO League KO Stage 2018"]
[Site "San Francisco USA"]
[Date "2018.04.07"]
[Round "3"]
[White "Chen, Forest"]
[Black "Manukian, Artak"]
[Result "1/2-1/2"]
[WhiteElo "2107"]
[BlackElo "2196"]
[WhiteTeam "Saint Louis Arch Bishops"]
[BlackTeam "Armenia Eagles"]
[WhiteFideId "30908205"]
[BlackFideId "13301373"]
[EventDate "2018.03.13"]

1. d4 Nf6 2. c4 e6 3. Nf3 c5 4. d5 exd5 5. cxd5 d6 6. Nc3 a6 7. a4 g6 8. Bf4 Nh5
9. Bg5 Be7 10. Bh6 Bf8 11. Qd2 Qe7 12. e4 Bxh6 13. Qxh6 Qf8 14. Qe3 Nd7 15. g4
Nhf6 16. Rg1 h5 17. h3 hxg4 18. hxg4 Qe7 19. O-O-O b6 20. Bc4 Bb7 21. g5 Nh5 22.
e5 Nxe5 23. Nxe5 Qxe5 24. Qxe5+ dxe5 25. Rge1 O-O 26. Rxe5 Rfe8 27. Rde1 Rxe5
28. Rxe5 Kf8 29. Ne4 Rd8 30. Kd2 Nf4 31. Nf6 Ne6 32. Ke3 Nd4 1/2-1/2